000 00481nam a2200181Ia 4500
008 100917s9999 xx 000 0 und d
082 _b16431
100 _aकेळकर कृ. बा.
245 _aसं. चंद्रसेना
260 _b---
_c1901
300 _a112
365 _b0.5
520 _aनाटक
630 _aसं. चंद्रसेना
650 _aनाटक
730 _aसं. चंद्रसेना
942 _cBOOK
999 _c621825
_d621822